000 00683nam a2200229Ia 4500
003 OSt
005 20220925212348.0
006 a|||||r|||| 00| 0
007 ta
008 220923b |||||||| |||| 00| 0 eng d
037 _cGeneral Book
040 _aRTL
_cRTL
_beng
041 _2eng
_aeng
082 _aX:(B245), K7/SC
100 _aALMON Clopper
_9276721
245 0 _aMatrix methods in economics.
260 _aLondon
_bAddison-wesley Publishing
_c1967
300 _ax,164p.
_ccm.
490 _aAddison-wesley series in behavioral science: Quantitative methods.
942 _hX:(B245), K7/SC
_cGB
_2CC
999 _c560216
_d560216